Superplasticizers and other chemical admixtures in concrete : (Record no. 546616)

000 -LEADER
fixed length control field 01053nam a2200205 a 4500
082 00 - DEWEY DECIMAL CLASSIFICATION NUMBER
Classification number 624.171
Author Mark MAL
-- N-01, P-89
100 ## - MAIN ENTRY--PERSONAL NAME
Personal name Malhotra, V.M
9 (RLIN) 41066
245 00 - TITLE STATEMENT
Title Superplasticizers and other chemical admixtures in concrete :
Remainder of title proceedings, third international conference, Ottawa, Canada, 1989 /
Statement of responsibility, etc. V.M. Malhotra, editor.
260 ## - PUBLICATION, DISTRIBUTION, ETC.
Place of publication, distribution, etc. Detroit (P.O. Box 19150 Redford Station, Detroit 48219) :
Name of publisher, distributor, etc. American Concrete Institute,
Date of publication, distribution, etc. c1989.
300 ## - PHYSICAL DESCRIPTION
Extent vii, 665 p. :
Other physical details ill. ;
Dimensions 23 cm.
490 1# - SERIES STATEMENT
Series statement SP ;
500 ## - GENERAL NOTE
General note In October 1989, CANMET in association with the American Concrete Institute sponsored the International Conference on Superplasticizers and other Chemical Admixtures in Concrete held in Ottawa, Ontario, Canada.
526 ## - STUDY PROGRAM INFORMATION NOTE
Program name 0
Interest level 0
Reading level 0
Title point value 624_171000000000000_MAL
650 #0 - SUBJECT ADDED ENTRY--TOPICAL TERM
Topical term or geographic name entry element Concrete
General subdivision Additives
-- Congresses.
9 (RLIN) 42774
650 #0 - SUBJECT ADDED ENTRY--TOPICAL TERM
Topical term or geographic name entry element Plasticisers
General subdivision Congresses.
9 (RLIN) 42775
700 1# - ADDED ENTRY--PERSONAL NAME
Personal name Malhotra, V. M.
9 (RLIN) 41066
710 2# - ADDED ENTRY--CORPORATE NAME
Corporate name or jurisdiction name as entry element American Concrete Institute.
9 (RLIN) 37057
710 2# - ADDED ENTRY--CORPORATE NAME
Corporate name or jurisdiction name as entry element Canada Centre for Mineral and Energy Technology.
9 (RLIN) 42776
942 ## - ADDED ENTRY ELEMENTS (KOHA)
Source of classification or shelving scheme
Koha item type Book
Holdings
Withdrawn status Lost status Source of classification or shelving scheme Damaged status Not for loan Permanent Location Current Location Date acquired Total Checkouts Full call number Barcode Date last seen Price effective from Koha item type
          Military College of Engineering (MCE) Military College of Engineering (MCE) 06/17/2014   624.171 MAL MCE-36586 06/17/2014 06/17/2014 Book
© 2023 Central Library, National University of Sciences and Technology. All Rights Reserved.